Afsaneh: (Record no. 27392)

MARC details
000 -LEADER
fixed length control field 03184nam a22004457a 4500
005 - DATE AND TIME OF LATEST TRANSACTION
control field 20090611160635.0
008 - FIXED-LENGTH DATA ELEMENTS--GENERAL INFORMATION
fixed length control field 090611t xxu||||| |||| 00| 0 eng d
010 ## - LCCN (DPL NO)
LC control number ENG-93956
020 ## - INTERNATIONAL STANDARD BOOK NUMBER
International Standard Book Number 9788189632069
Terms of availability 250.00
020 ## - INTERNATIONAL STANDARD BOOK NUMBER
International Standard Book Number 818963206X
Terms of availability 250.00
035 ## - SYSTEM CONTROL NUMBER
System control number EN-77489
035 ## - SYSTEM CONTROL NUMBER
System control number B-365377-389
037 ## - SOURCE OF ACQUISITION
Source of stock number/acquisition DBAD / PUB
037 ## - SOURCE OF ACQUISITION
Source of stock number/acquisition Aakar Books
040 ## - CATALOGING SOURCE
Original cataloging agency dpl
Language of cataloging English
082 ## - DEWEY DECIMAL CLASSIFICATION NUMBER
Classification number S
245 ## - TITLE STATEMENT
Title Afsaneh:
Statement of responsibility, etc edited by Kaveh Basmenji
Remainder of title short stories by Iranian women /
260 ## - PUBLICATION, DISTRIBUTION, ETC. (IMPRINT)
Place of publication, distribution, etc New Delhi
Name of publisher, distributor, etc Stanza
Date of publication, distribution, etc 2007
270 ## - ADDRESS
Address 22-C, Pocket-C, Siddhartha Extension
City New Delhi
Postal code 110014
300 ## - PHYSICAL DESCRIPTION
Extent 200p.
Dimensions 19cm (pbk)
500 ## - GENERAL NOTE
General note Includes bibliographical references
650 ## - SUBJECT ADDED ENTRY--TOPICAL TERM
Topical term or geographic name as entry element Short stories, English
700 ## - ADDED ENTRY--PERSONAL NAME
Personal name Basmenji, Kaveh
942 ## - ADDED ENTRY ELEMENTS (KOHA)
Source of classification or shelving scheme Dewey Decimal Classification
Item type English Books
Classification part S
Call number suffix AFS
Holdings
Withdrawn status Lost status Source of classification or shelving scheme Damaged status Not for loan Home library Current library Date acquired Source of acquisition Cost, normal purchase price Total Checkouts Full call number Barcode Date last seen Copy number Cost, replacement price Koha item type Collection code Public note Total Renewals
Withdrawn   Dewey Decimal Classification     Andrews Gunj Andrews Gunj 08/04/2010 Aakar Books/I-795/11.11.09/143/5.11.09/12.11.09 250.00   S AFS B-365383 08/04/2010 1 250.00 English Books Fiction    
    Dewey Decimal Classification     Central Library Central Library 08/04/2010 Aakar Books/I-795/11.11.09/143/5.11.09/12.11.09 250.00   S AFS B-365377 08/04/2010 1 250.00 English Books Fiction Legal Case (Register No. 26)  
    Dewey Decimal Classification   Not For Loan D.B.Act.Division D.B.Act.Division 11/06/2009 DBAD / PUB 250.00   S AFS EN-77489 11/06/2009 1 250.00 English Books      
    Dewey Decimal Classification     Karol Bagh Karol Bagh 08/04/2010 Aakar Books/I-795/11.11.09/143/5.11.09/12.11.09 250.00   S AFS B-365386 08/04/2010 1 250.00 English Books Fiction    
    Dewey Decimal Classification     Mobile Library Mobile Library 08/04/2010 Aakar Books/I-795/11.11.09/143/5.11.09/12.11.09 250.00   S AFS B-365378 08/04/2010 2 250.00 English Books Fiction    
    Dewey Decimal Classification     Mobile Library Mobile Library 08/04/2010 Aakar Books/I-795/11.11.09/143/5.11.09/12.11.09 250.00   S AFS B-365379 08/04/2010 2 250.00 English Books Fiction    
    Dewey Decimal Classification     Patel Nagar Patel Nagar 08/04/2010 Aakar Books/I-795/11.11.09/143/5.11.09/12.11.09 250.00   S AFS B-365380 08/04/2010 1 250.00 English Books Fiction    
    Dewey Decimal Classification     R.C.Libraries (BL-IV) R.C.Libraries (BL-IV) 08/04/2010 Aakar Books/I-795/11.11.09/143/5.11.09/12.11.09 250.00   S AFS B-365389 08/04/2010 1 250.00 English Books Fiction    
    Dewey Decimal Classification     R.K.Puram-8 R.K.Puram-8 08/04/2010 Aakar Books/I-795/11.11.09/143/5.11.09/12.11.09 250.00   S AFS B-365382 08/04/2010 1 250.00 English Books Fiction    
    Dewey Decimal Classification     Sarojini Nagar Sarojini Nagar 08/04/2010 Aakar Books/I-795/11.11.09/143/5.11.09/12.11.09 250.00   S AFS B-365381 08/04/2010 1 250.00 English Books Fiction    
  Written-off vide DLB M. No. 383 dt 16.05.19 Dewey Decimal Classification     Shahdara Branch Shahdara Branch 08/04/2010 Aakar Books/I-795/11.11.09/143/5.11.09/12.11.09 250.00   S AFS B-365387 08/04/2010 1 250.00 English Books Fiction    
    Dewey Decimal Classification     Sriniwas Puri Sriniwas Puri 08/04/2010 Aakar Books/I-795/11.11.09/143/5.11.09/12.11.09 250.00   S AFS B-365384 08/04/2010 1 250.00 English Books Fiction    
    Dewey Decimal Classification     Vinoba Puri Vinoba Puri 08/04/2010 Aakar Books/I-795/11.11.09/143/5.11.09/12.11.09 250.00 5 S AFS B-365385 08/03/2025 1 250.00 English Books Fiction   1
    Dewey Decimal Classification     Yojana Vihar Yojana Vihar 08/04/2010 Aakar Books/I-795/11.11.09/143/5.11.09/12.11.09 250.00 1 S AFS B-365388 27/12/2025 1 250.00 English Books Fiction    

© Delhi Public Library
Hit Counter
free hit counter